| 000 | 01609cam a2200325 a 4500 | ||
|---|---|---|---|
| 001 | 16040924 | ||
| 005 | 20100614092014.0 | ||
| 008 | 100105s2009 enka 000 0 eng | ||
| 020 | _a0521739179 | ||
| 020 | _a9780521739177 (Student's bk. w/ ans.) | ||
| 040 |
_aDLC _cDLC |
||
| 082 |
_222 _a428.24076 _bCAM |
||
| 245 | 0 | 0 |
_aCambridge IELTS. _n7 : _bexamination papers from University of Cambridge ESOL Examinations : English for speakers of other languages. |
| 246 | 3 | 0 | _aIELTS 7 |
| 246 | 1 | 8 | _aIELTS examination papers with answers |
| 260 |
_aCambridge : New York : _bCambridge University Press, _cc2009. |
||
| 300 |
_a176 p. : _bill. ; _c25 cm. |
||
| 490 | 0 |
_aCambridge books for Cambridge exams _930648 |
|
| 500 | _a"Official examination papers from University of Cambridge ESOL examinations"--Cover. | ||
| 500 | _aSpine title: IELTS examination papers with answers. | ||
| 500 | _aCover title: Official examination papers from University of Cambridge ESOL examinations :IELTS 7. | ||
| 650 | 0 |
_aInternational English Language Testing System. _930649 |
|
| 650 | 0 |
_aEnglish language _vTextbooks for foreign speakers. _930650 |
|
| 650 | 0 |
_aEnglish language _vExaminations, questions, etc. _930651 |
|
| 653 |
_bENG _cJuly2012 |
||
| 710 | 2 |
_aUniversity of Cambridge. _bLocal Examinations Syndicate. _930652 |
|
| 942 |
_2ddc _cBB |
||
| 999 |
_c16883 _d16883 |
||